00333nam a22001337a 4500003000400000005001700004008004100021040000800062082001700070100001600087245005000103260003500153300001100188OSt20190116101208.0190116b ||||| |||| 00| 0 eng d cDLC a235.4bB299C aBasham, Don aCan A Christian Have A Demon?cBy Don Basham. aUSA :bWhitaker Books,cc1971. a94 p.: